Biblioteca

Curso de redacción : Teoría y practica de la composición y del estilo / Gonzalo Martín Vivaldi (Registro nro. 40885)

Detalles MARC
000 -LÍDER
Campo fijo de descripción fija 006730000a22002410004500
001 - NÚMERO DE CONTROL
Campo de control 11777
003 - IDENTIFICADOR DEL NÚMERO DE CONTROL
Campo de control CO-MdFUSB
005 - FECHA Y HORA DE LA ULTIMA TRANSACCIÓN
control field 20180622170727.0
008 - ELEMENTOS DE LONGITUD FIJA -- INFORMACIÓN GENERAL
Campo fijo de descripción fija -- Información general 160823b xxu||||| |||| 00| 0 eng d
020 ## - NÚMERO INTERNACIONAL NORMALIZADO PARA LIBROS
Número Internacional Normalizado del libro 84-238-0382-7
040 ## - FUENTE DE CATALOGACIÓN
Agencia que realiza la transcripción CO-MdFUSB
041 0# - CÓDIGO DE IDIOMA
Código de idioma para texto/pista de sonido o título separado
082 04 - NÚMERO DE CLASIFICACIÓN DECIMAL DEWEY
Número de clasificación G 808 V855d
100 1# - ASIENTO PRINCIPAL--NOMBRE PERSONAL
Nombre personal Vivaldi, Gonzalo Martín
245 10 - TÍTULO
Título del Material Curso de redacción : Teoría y practica de la composición y del estilo / Gonzalo Martín Vivaldi
250 ## - MENCIÓN DE EDICIÓN
Mención de edición 24
260 ## - PUBLICACIÓN, DISTRIBUCIÓN, ETC. (PIE DE IMPRENTA)
Lugar de publicación, distribución, etc. Madrid, España : Paraninfo,
Fecha de publicación, distribución, etc. 1995
300 ## - DESCRIPCIÓN FÍSICA
Extensión 491 Pag
336 ## - CONTENT TYPE
Content type term texto
Content type code txt
Source rdacontent
337 ## - MEDIA TYPE
Source rdamedia
Media type term sin mediación
Media type code n
338 ## - CARRIER TYPE
Source rdacarrier
Carrier type term volumen
Carrier type code nc
942 ## - TIPO DE MATERIAL (KOHA)
Tipo de Item KOHA Libros General
Existencias
Estado de Material Estado de Perdido Estado de Dañado No para Préstamo Colección Tomo Biblioteca de Origen Biblioteca Permanente Fecha de Adquisición Total de Préstamos Total de Renovaciones Signatura Topográfica Código de Barras Última vez visto Última vez Préstado Ejemplar/Existencia Fecha de Remplazo Tipo de Material
        Colección General   Biblioteca FUSBC Biblioteca FUSBC 01/02/2005 3 1 G 808 V855d 26107 20/02/2023 27/08/2019 2 26/01/2016 Libros General
        Colección General   Biblioteca FUSBC Biblioteca FUSBC 01/02/2005 3 3 G 808 V855d 9959 24/02/2024 29/01/2020 1 26/01/2016 Libros General

Biblioteca FUSBC | Teléfono: (57+4) 349 88 10 Ext. 141| WhatsApp (+57) 3005338115 
E-mail: biblioteca@unisbc.edu.co | Calle 76 87-14 Robledo Palenque, Medellín, Colombia

Con tecnología Koha